| 000 | 00455nam a2200181Ia 4500 | ||
|---|---|---|---|
| 005 | 20250423100735.0 | ||
| 008 | 250422s9999 xx 000 0 und d | ||
| 020 | _a9780273708483 | ||
| 050 | _aHD 30.25 .B73/ | ||
| 100 | _aBrandon-Jones, Alistair | ||
| 245 | 0 | _aQuantitative analysis in operations management | |
| 260 | _aHarlow | ||
| 260 | _bPearson Prentice Hall | ||
| 260 | _c2008 | ||
| 300 | _a164 p | ||
| 650 | _aQuantitative | ||
| 942 | _cBK | ||
| 999 |
_c34205 _d34205 |
||